000 00475nam a2200181Ia 4500
001 8511
005 20260306160615.0
008 260306t2015||||xx |||||||||||||| ||spa||
041 _aESP
082 _a371.1
_bS23
100 _aSánchez Abchi, Verónica
_eAUT
245 0 _aLos chicos aprenden a escribir textos:
_bdesafíos y propuestas para el aula
260 _c2015
300 _a223 páginas :
_c24 cm.
650 _aGEN
654 _aCED
942 _cLIB
_dJUS
_fJUS
_2ddc
_n
999 _c8511
_d8511